Quizzes
Events
Quiz Creation
Community
Videos
Private Events
Remove Ads
Sign In
Join for FREE
Feedback
Dark Mode
Quiz Categories
Sports
Geography
Music
Movies
Television
Just For Fun
Miscellaneous
History
Literature
Language
Science
Gaming
Entertainment
Religion
Holiday
For Kids
Quiz Lab
Recent
Popular Today
Quiz Kudos Today
Editor Picks
Curator Picks
Quizzes by...
Day
Popularity
Type
Ratings
Length
Year
Community
Subscriptions
Recent Discussions
Orange Saloon
Badges
Playlists
Quests
Create
Leaderboards
Showdown
Live 5
Trivia Bingo
Activity
Puzzle Library
Sporcle Events
Private Events
Virtual Trivia
Globe League
Become a Host
Pub Owners
SporcleCon
Opinionation
Our Games
Videos
Blog
Mobile Apps
Partnerships
Remove Ads and Go Orange
Feedback
Sports
Athletes
MLB
NBA
NHL
NFL
Soccer
Sports Teams
WWE
NCAA
Football
Premier League
Basketball
Baseball
Hockey
Golf
Tennis
Cricket
Rugby
Auto Racing
Olympics
World Cup
Sports
Athletes
MLB
NBA
NHL
NFL
Soccer
Sports Teams
WWE
NCAA
Football
Premier League
Basketball
Baseball
Hockey
Golf
Tennis
Cricket
Rugby
Auto Racing
Olympics
World Cup
Random Quiz
Search Sporcle
×
Quiz Lab
Quiz Lab
Sports
NFL
Type in answers that appear in a list
Type in answers that appear in a list
Classic
Best Score? Go Orange.
NFL Receiving Leaders by Team (All-Time) Stats
Can you name the all-time leaders in receiving yards by team?
By
azoeller
6m
32 Questions
165 Plays
165 Plays
165 Plays
Comments
Comments
Give Quiz Kudos
Give Quiz Kudos
-
- Ratings
hide this ad
More Info
Random Order
Randomize order of answers
Randomize order of answers
Replay
Link that replays current quiz
Next Quiz
Link to next quiz in quiz playlist
You Got
0%
They Got
Avg Score
55%
Avg Friend Score
Upgrade to see
Score Distribution
Jump to the score distribution portion of the page
Score
0/32
Timer
06:00
0
Plays Today
Team
Receiver
% Correct
San Francisco 49ers
Jerry Rice
91.5%
Houston Texans
Andre Johnson
86.7%
Cincinnati Bengals
Chad Ochocinco
86.7%
Indianapolis Colts
Marvin Harrison
86.1%
Minnesota Vikings
Cris Carter
82.4%
Jacksonville Jaguars
Jimmy Smith
78.8%
Dallas Cowboys
Michael Irvin
77.6%
Pittsburgh Steelers
Hines Ward
77.6%
Denver Broncos
Rod Smith
77%
Oakland Raiders (LA)
Tim Brown
76.4%
St. Louis Rams
Isaac Bruce
75.8%
Seattle Seahawks
Steve Largent
74.5%
Green Bay Packers
Donald Driver
73.9%
Kansas City Chiefs
Tony Gonzalez
64.8%
Buffalo Bills
Andre Reed
63.6%
New York Giants
Amani Toomer
63%
Team
Receiver
% Correct
Baltimore Ravens
Derrick Mason
62.4%
Washington Redskins
Art Monk
61.8%
Carolina Panthers
Mushin Muhammad
57%
Detroit Lions
Herman Moore
55.2%
Miami Dolphins
Mark Duper
47.3%
San Diego Chargers
Lance Alworth
40.6%
Philadelphia Eagles
Harold Carmichael
38.2%
New York Jets
Don Maynard
35.2%
Cleveland Browns
Ozzie Newsome
33.3%
Atlanta Falcons
Terance Mathis
28.5%
Arizona Cardinals
Roy Green
23.6%
New England Patriots
Stanley Morgan
21.2%
Tennessee Titans (Houston)
Ernest Givins
15.8%
Tampa Bay Buccaneers
Mark Carrier
15.8%
New Orleans Saints
Eric Martin
11.5%
Chicago Bears
Johnny Morris
7.3%
Quiz Playlist
Details
Report
Send in Message
Add To Playlist
More Info:
This quiz was made after week 3 of the 2011-2012 NFL season.
Classic:
Type in answers that appear in a list
Random Order:
Randomize order of answers
Quiz Source
Last Updated: Feb 16, 2017
Quiz Scoreboard
CHALLENGE
Sign Up to Join the Scoreboard
Show All
Scores
Hide
Comments
May contain spoilers
Recently Published
One Thing in Common: World Cities II
by knightlancer
Geography
7m
Popular People in 1961
by mucciniale
History
6m
1-10 Letter E Words III
by El_Dandy
Language
2m
More to Explore
Quiz From the Vault
Featured Blog Post
Where Did the Easter Bunny Come From?
hide this ad
You Might Also Like...
Tags
NFL Quiz
Receiving Yards
Stats Leaders
Today's Top Quizzes in Sports
Browse Sports
hide this ad
Today's Top Quizzes in NFL
Browse NFL
Top Contributed Quizzes in Sports
1
Les meilleurs buteurs des matchs entre le PSG et l’OM
2
Les entraîneurs de l'OM et du PSG au 21e siècle
3
2022 World Cup Stars
4
FIFA Club World Cup Champions
5
Name the Premier League winners with different clubs
6
La finale Lions - Afrique du Sud 2021
7
Criteria MLB: Left Handed Sluggers
8
Players with Multiple 50 Home Run Seasons
9
MLB Players with Two .350 Batting Average Seasons
10
MLB Hall of Famer by Rings
Explore More
Trending Topics
Anime
Marvel
NBA
Kpop
Disney
Crossword
Harry Potter
NFL
Puzzle
Song
Country
WWE
Pokémon
The Office
Soccer
hide this ad
More By:
azoeller
Quiz
Plays
Rating
Category
Featured
Created
Gimme Five US Facts
2,448
3.80
Just For Fun
Jul 30, 2011
Gimme 5 Sports
2,038
2.53
Sports
Jul 22, 2011
Many Sports, One Guess Part I
1,896
4.18
Sports
Sep 6, 2011
Gimme 5 Americana
1,729
3.89
Just For Fun
Jul 21, 2011
NFL HOF Match
938
4.38
Sports
May 16, 2015
Go to Creator's Profile
Score Distribution
Quiz Creator Spotlight
azoeller
Follow
Send a Message
Quizzes Created
-
Created Quiz Play Count
-
More By This Creator
Popular Quizzes Today
1
Find the US States - No Outlines Minefield
2
The Countries of the World
3
Find the Countries of Europe - No Outlines Minefield
4
Popular People in 1961
5
1-10 Letter E Words III
6
Find the US States
7
One Thing in Common: World Cities II
8
US States
More Sports Quizzes
NJPW IWGP Heavyweight Champions
Quiz Lab
Trending Quizzes
Risky Map Clicking: Least Populous States A-Z
1-10 Letter F Words
1-10 Letter G Words
One Thing in Common: United Kingdom
Risky Map Clicking: Next State Alphabetically
Recently Updated
Leaping Animals
pecheneg
Reality TV Shows (A-Z)
bhenderson79
Rickey Henderson's Hall of Fame Teammates
pecheneg
Champions League XIs: Arsenal
pecheneg
Quick Pick: Celebrities in WWE's Hall of Fame
aduchscher
A-Z Keypad Blitz II
pecheneg
Multiple Oscar Actors
pecheneg
Mystery Phrase Blitz: Oscar 'Best Actors'
pecheneg
F. Scott Fitzgerald Novels
LTH
Pick 3 Villains
ddd62291
Trending Topics
Anime
Disney
Crossword
Harry Potter
NBA
Marvel
Kpop
Country
WWE
Song
Soccer
NFL
The Office
Puzzle
Pokémon
Your Account Isn't Verified!
In order to create a playlist on Sporcle, you need to verify the email address you used during registration. Go to your
Sporcle Settings
to finish the process.
Report this User
Report this user for behavior that violates our
Community Guidelines
.
Details:
Send Report
Go to the Sporcle.com Mobile Site →
Comments